000 00285nam a2200109Ia 4500
008 210107s9999 xx 000 0 und d
100 _aISO
245 0 _aGuidelines for quality and/ or Environmental Management Systems Auditing
260 _aGeneva
_bISO
300 _a135
942 _cBK
999 _c10886
_d10886